000 00302nam a2200109 4500
008 180217b xxu||||| |||| 00| 0 eng d
245 _aMystery disease kills 30 children in Myanmar.
260 _aPhilippines
_bManila Bulletin
_cc2016
300 _apage 8.
650 0 _926605
_aDiseases.
942 _2ddc
_cPER
999 _c8716
_d8716